[Event "Challenge"]
[Site "http://www.queenalice.com/game.php?id=97692"]
[Date "2006.8.20"]
[Round "-"]
[White "AloizioAndrade"]
[Black "YelloMiata"]
[Result "1-0"]
[WhiteElo "1717"]
[BlackElo "1301"]

1. e4 d6 2. Nf3 Bg4 3. h3 Bxf3 4. Qxf3 Nf6 5. Bc4 Nc6 6. Nc3 Ne5 7. Qe2 Nxc4 8.
Qxc4 c6 9. O-O Qc7 10. d3 a6 11. Be3 b5 12. Qb3 d5 13. exd5 cxd5 14. Nxd5 Qd8
15. Nxf6+ exf6 16. Rfe1 Be7 17. Bc5 Ra7 18. Bxa7 f5 19. Bc5 O-O 20. Bxe7 Qc7 21.
Bxf8 h6 22. Re7 Qd8 23. Qxf7+ Kh7 24. Qxg7# 1-0

[Event "Challenge"]
[Site "http://www.queenalice.com/game.php?id=97868"]
[Date "2006.8.20"]
[Round "-"]
[White "YelloMiata"]
[Black "Alan"]
[Result "0-1"]
[WhiteElo "1500"]
[BlackElo "1744"]

1. e4 e5 2. Nf3 d6 3. d4 exd4 4. Nxd4 Nf6 5. Bd3 Be7 6. O-O O-O 7. Nc3 c5 8. Nf3
Nc6 9. Nd2 Bg4 10. f3 Bh5 11. g4 Bg6 12. Nd5 Nxd5 13. exd5 Ne5 14. Nc4 Bxd3 15.
cxd3 f5 16. gxf5 Rxf5 17. f4 Ng6 18. Na5 Qxa5 19. Qe2 Raf8 20. Qe4 Qb6 21. Rb1
Ne5 22. d4 cxd4 23. Rd1 Qa6 24. Qxd4 Nf3+ 25. Kf2 Nxd4 26. Rxd4 Bh4+ 27. Ke3
Re8+ 28. Kf3 Qe2# 0-1

[Event "Challenge"]
[Site "http://www.queenalice.com/game.php?id=102288"]
[Date "2006.9.4"]
[Round "-"]
[White "rbaraldi"]
[Black "YelloMiata"]
[Result "0-1"]
[WhiteElo "1538"]
[BlackElo "1254"]

1. e4 Nc6 2. d4 e5 3. d5 Nd4 4. c3 Nb5 5. Bxb5 c6 6. dxc6 bxc6 7. Ba4 g6 8. Nf3
f6 9. b4 a5 10. b5 cxb5 11. Bxb5 Ba6 12. Be2 d6 13. Qd5 Ne7 14. Qe6 Qd7 15. Qxf6
Bxe2 16. Qxh8 Qb5 17. a4 Qd3 0-1

[Event "Let's Play Chess!"]
[Site "http://www.queenalice.com/game.php?id=105284"]
[Date "2006.9.13"]
[Round "-"]
[White "Fidel_Vive"]
[Black "YelloMiata"]
[Result "0-1"]
[WhiteElo "1243"]
[BlackElo "1327"]

1. Nc3 e5 2. e3 Nc6 3. Bc4 Nce7 4. Nf3 Ng6 5. b3 Nf6 6. h4 c6 7. O-O d5 8. Bd3
Bg4 9. e4 dxe4 10. Bxe4 Nxe4 11. Re1 Nxh4 12. Rxe4 Bxf3 13. gxf3 Ng6 14. d4 f5
15. Re2 Qa5 0-1

[Event "Julio x Miata"]
[Site "http://www.queenalice.com/game.php?id=105966"]
[Date "2006.9.14"]
[Round "-"]
[White "JulioCG"]
[Black "YelloMiata"]
[Result "1-0"]
[WhiteElo "1469"]
[BlackElo "1301"]

1. e4 Nc6 2. Nf3 d5 3. exd5 Qxd5 4. Nc3 Qe6+ 5. Be2 Ne5 6. O-O b6 7. Re1 a5 8.
Nxe5 Qxe5 9. Bb5+ Qxb5 10. Nxb5 Rb8 11. Nxc7+ Kd8 12. Nb5 Bd7 13. Qe2 Bxb5 14.
Qxb5 e6 15. d4 Nf6 16. Bg5 Bb4 17. c3 Bd6 18. c4 h6 19. Bxf6+ gxf6 20. d5 Re8
21. dxe6 fxe6 22. Rad1 Ke7 23. Qd5 Kd7 24. Qxd6+ Kc8 25. Qd7# 1-0

[Event "Challenge"]
[Site "http://www.queenalice.com/game.php?id=108487"]
[Date "2006.9.21"]
[Round "-"]
[White "Doorman19"]
[Black "YelloMiata"]
[Result "1-0"]
[WhiteElo "1476"]
[BlackElo "1368"]

1. d4 f6 2. Nf3 e5 3. e3 exd4 4. Nxd4 c5 5. Nf5 g6 6. Nd6+ Bxd6 7. Bc4 Ne7 8.
Qxd6 Nec6 9. O-O b6 10. Bd5 Qe7 11. Qg3 a5 12. Nc3 Ba6 13. Rd1 g5 14. Qg4 h5 15.
Qf5 g4 16. Qg6+ Kd8 17. e4 Nd4 18. Bxa8 Qh7 19. Qxf6+ Kc7 20. Nd5+ Kc8 21. Nxb6+
Kc7 22. Bf4+ d6 23. Qxd6# 1-0

[Event "Challenge"]
[Site "http://www.queenalice.com/game.php?id=110082"]
[Date "2006.9.26"]
[Round "-"]
[White "xmas"]
[Black "YelloMiata"]
[Result "1-0"]
[WhiteElo "1533"]
[BlackElo "1366"]

1. d4 b6 2. e4 c5 3. Nf3 Nf6 4. Nc3 cxd4 5. Nxd4 e5 6. Nf3 Bc5 7. Nxe5 O-O 8.
Bc4 d6 9. Nxf7 Rxf7 10. Bxf7+ Kxf7 11. O-O Ng4 12. Qf3+ Kg8 13. e5 Qh4 14. Bf4
dxe5 15. Bg3 Qh5 16. Qxa8 Be7 17. Qxb8 Qf5 18. Qxa7 Qh5 19. Qxe7 Ba6 20. Qd8+
Kf7 21. Qd7+ Kg6 22. Qe8+ Kf6 23. Qxh5 Bxf1 24. Rxf1 Nh6 25. Qxe5+ Kf7 26. Nd5
b5 27. Qe7+ Kg6 28. f4 Nf5 29. Qe6+ Kh5 30. Qxf5+ Kh6 31. Qg5# 1-0

[Event "Miata vs. xmas"]
[Site "http://www.queenalice.com/game.php?id=126864"]
[Date "2006.11.8"]
[Round "-"]
[White "YelloMiata"]
[Black "xmas"]
[Result "0-1"]
[WhiteElo "1340"]
[BlackElo "1472"]

1. e4 e5 2. Nf3 Nc6 3. d4 exd4 4. Nxd4 Nge7 5. Nxc6 Nxc6 6. g3 d6 7. Bb5 Bd7 8.
Bxc6 Bxc6 9. f3 g6 10. O-O Bg7 11. Nc3 O-O 12. f4 Re8 13. Re1 b5 14. f5 a5 15.
a4 b4 16. Nd5 Qd7 17. c3 b3 18. Qxb3 Rab8 19. Qc4 Bxd5 20. Qxd5 c6 21. Qxa5 gxf5
22. c4 fxe4 23. b4 Bxa1 24. Bd2 Bf6 25. Rf1 e3 26. b5 exd2 27. Qxd2 Bg7 28. c5
cxb5 29. axb5 Qxb5 30. Qxd6 Rbc8 0-1

[Event "Challenge"]
[Site "http://www.queenalice.com/game.php?id=1439616"]
[Date "2016.9.4"]
[Round "-"]
[White "vizela"]
[Black "YelloMiata"]
[Result "1-0"]
[WhiteElo "1707"]
[BlackElo "1316"]

1. e4 b6 2. Nf3 Bb7 3. Nc3 e6 4. d4 Bb4 5. Bd2 Nf6 6. e5 Bxc3 7. Bxc3 Nd5 8. Qd2
Nc6 9. Bb5 a6 10. Bxc6 Bxc6 11. O-O Nxc3 12. Qxc3 1-0

[Event "Challenge"]
[Site "http://www.queenalice.com/game.php?id=1439619"]
[Date "2016.9.4"]
[Round "-"]
[White "Vin100"]
[Black "YelloMiata"]
[Result "1-0"]
[WhiteElo "1534"]
[BlackElo "1316"]

1. e4 b6 2. Nf3 Nf6 3. Nc3 d6 4. d4 e5 5. Be3 exd4 6. Nxd4 c5 7. Nf3 Bg4 8. h3
Bxf3 9. Qxf3 d5 10. e5 Nfd7 11. Qxd5 f6 12. f4 Nxe5 13. fxe5 Nd7 14. Bb5 a6 15.
e6 axb5 16. exd7+ Qxd7 17. Qxa8+ Ke7 18. O-O b4 19. Nd5+ Qxd5 20. Qxd5 g6 21.
Qb7+ 1-0